| 000 | 01133nam a22002417a 4500 | ||
|---|---|---|---|
| 005 | 20210325191054.0 | ||
| 008 | s2518 th tha d | ||
| 041 | _atha | ||
| 090 | _aว DS570.M85 ส134ก 2518 | ||
| 100 | 0 | _aสงคราม ชื่นภิบาล | |
| 245 | 1 | 0 | _aการผสมกลมกลืนชาวไทยมุสลิมในจังหวัดชายแดนภาคใต้ |
| 260 | 3 |
_aกรุงเทพฯ : _bจุฬาลงกรณ์มหาวิทยาลัย, _c2518 |
|
| 300 |
_a218 หน้า : _b ตาราง ; _c 29 ซม. |
||
| 650 | 0 | 4 | _aมุสลิม -- ไทย (ภาคใต้) |
| 650 | 0 | 4 | _aชาวไทยมุสลิม -- วิจัย |
| 650 | 0 | 4 | _aวัฒนธรรมอิสลาม -- วิจัย |
| 650 | 0 | 4 | _aไทย (ภาคใต้) -- การเมืองและการปกครอง |
| 650 | 0 | 4 | _aไทย (ภาคใต้) -- ภาวะสังคม |
| 850 | _aNALT | ||
| 942 | _cRSH | ||
| 997 |
_c000000000027323 _kVC |
||
| 998 | _aNISA LUANGTONGKUM | ||
| 999 |
_c27323 _d27323 |
||